| 000 | 00727nam a2200217Ia 4500 | ||
|---|---|---|---|
| 003 | GCL | ||
| 008 | 140319s9999 xx 000 0 ara d | ||
| 040 |
_aGCL / _cGCL |
||
| 082 | 0 | 4 |
_a070.9624 _bص ص |
| 100 | 1 | _aصلاح عبداللطيف | |
| 245 | 1 | 0 |
_aالصحافة السودانية: تاريخ وتوثيق سجل كامل للصحافة السودانية 1899 - 1989 / _cصلاح عبداللطيف |
| 300 | _a205 | ||
| 490 |
_a100 قصة _v0 |
||
| 650 | 0 | 4 | _aتاريخ |
| 650 | 0 | 4 | _aالصحافة |
| 650 | 0 | 4 | _aالصحافة العربية |
| 650 | 0 | 4 | _aالصحافة العراقية |
| 650 | 0 | 4 | _aالصحافة السودانية |
| 650 | 0 | 4 | _aالصحفيون السودانيون |
| 942 |
_2ddc _cBK |
||
| 999 |
_c43490 _d43490 |
||